[Event "HUN-chT2 Breyer 1718"]
[Site "Hungary"]
[Date "2018.05.06"]
[Round "11.5"]
[White "Nadi, Ferenc"]
[Black "Posa, Norbert"]
[Result "1/2-1/2"]
[WhiteElo "1997"]
[BlackElo "2026"]
[PlyCount "51"]
[EventDate "2017.09.24"]
[EventType "team-tourn"]
[EventRounds "11"]
[EventCountry "HUN"]
[SourceTitle "EXT 2021"]
[Source "ChessBase"]
[SourceDate "2020.10.23"]
[SourceVersion "1"]
[SourceVersionDate "2020.10.23"]
[SourceQuality "1"]
[WhiteTeam "Szekesfehervar"]
[BlackTeam "Budapest HASE"]
[WhiteTeamCountry "HUN"]
[BlackTeamCountry "HUN"]

1. e4 c6 2. d4 d5 3. Nc3 dxe4 4. Nxe4 Bf5 5. Nc5 b6 6. Nb3 e6 7. Nf3 Nd7 8. Bd3 Bxd3 9. Qxd3 Ngf6 10. 0-0 h6 11. Re1 Be7 12. c4 0-0 13. Bf4 Rc8 14. Rad1 Nh5 15. Be3 Qc7 16. Qe2 Nf4 17. Qd2 Ng6 18. Qe2 Bb4 19. Bd2 Bxd2 20. Nbxd2 c5 21. b3 e5 22. dxe5 Rfe8 23. g3 Ngxe5 24. Nxe5 Rxe5 25. Qd3 Rce8 26. Nf3 1/2-1/2

[Event "HUN-chT2 Breyer 1718"]
[Site "Hungary"]
[Date "2017.12.03"]
[Round "5.7"]
[White "Imre, Jozsef"]
[Black "Nadi, Ferenc"]
[Result "1-0"]
[WhiteElo "2060"]
[BlackElo "1997"]
[PlyCount "59"]
[EventDate "2017.09.24"]
[EventType "team-tourn"]
[EventRounds "11"]
[EventCountry "HUN"]
[SourceTitle "EXT 2021"]
[Source "ChessBase"]
[SourceDate "2020.10.23"]
[SourceVersion "1"]
[SourceVersionDate "2020.10.23"]
[SourceQuality "1"]
[WhiteTeam "Vizugy"]
[BlackTeam "Szekesfehervar"]
[WhiteTeamCountry "HUN"]
[BlackTeamCountry "HUN"]

1. e4 c5 2. Nf3 d6 3. d4 cxd4 4. Nxd4 Nf6 5. Nc3 Nc6 6. f3 e5 7. Nb3 Be6 8. Be3 Be7 9. Qd2 0-0 10. 0-0-0 a6 11. g4 Qc7 12. g5 Nd7 13. h4 b5 14. h5 Na5 15. Nxa5 Qxa5 16. Kb1 b4 17. Nd5 Bxd5 18. Qxd5 Qxd5 19. Rxd5 Rfd8 20. Bc4 Rdc8 21. b3 g6 22. hxg6 hxg6 23. Rd2 Kg7 24. Rdh2 Nf8 25. f4 exf4 26. Bxf4 Rc5 27. Bd5 Rb8 28. Be3 Rc7 29. Bd4+ f6 30. Rh8 1-0

[Event "HUN-chT2 Asztalos 1314"]
[Site "Hungary"]
[Date "2014.02.16"]
[Round "5"]
[White "Nadi, Ferenc"]
[Black "Gyorke, Zoltan"]
[Result "1/2-1/2"]
[WhiteElo "2077"]
[BlackElo "2057"]
[PlyCount "34"]
[EventDate "2013.09.08"]
[EventType "team-tourn"]
[EventRounds "9"]
[EventCountry "HUN"]
[SourceTitle "EXT 2016"]
[Source "ChessBase"]
[SourceDate "2015.10.08"]
[SourceVersion "1"]
[SourceVersionDate "2015.10.08"]
[SourceQuality "1"]
[WhiteTeam "MAV Elore"]
[BlackTeam "Szentlorinc"]
[WhiteTeamCountry "HUN"]
[BlackTeamCountry "HUN"]

1. d4 e6 2. c4 f5 3. g3 Nf6 4. Bg2 Be7 5. Nf3 0-0 6. 0-0 d6 7. Nc3 Ne4 8. Qc2 Nxc3 9. Qxc3 Bf6 10. h4 a5 11. Re1 Nc6 12. e4 e5 13. dxe5 Nxe5 14. Nxe5 Bxe5 15. Qc2 f4 16. Qd3 fxg3 17. fxg3 Be6 1/2-1/2

[Event "HUN-chT2 Asztalos 1314"]
[Site "Hungary"]
[Date "2013.09.22"]
[Round "2.5"]
[White "Nogradi, Gabor"]
[Black "Nadi, Ferenc"]
[Result "1/2-1/2"]
[WhiteElo "2009"]
[BlackElo "2077"]
[PlyCount "45"]
[EventDate "2013.09.08"]
[EventType "team-tourn"]
[EventRounds "9"]
[EventCountry "HUN"]
[SourceTitle "EXT 2016"]
[Source "ChessBase"]
[SourceDate "2015.10.08"]
[SourceVersion "1"]
[SourceVersionDate "2015.10.08"]
[SourceQuality "1"]
[WhiteTeam "Pecs Karmin"]
[BlackTeam "MAV Elore"]
[WhiteTeamCountry "HUN"]
[BlackTeamCountry "HUN"]

1. e4 c5 2. Nf3 d6 3. d4 cxd4 4. Nxd4 Nf6 5. Nc3 a6 6. h3 e6 7. Be3 Be7 8. g4 h6 9. Bg2 Qc7 10. Qe2 Nc6 11. Nb3 b5 12. f4 Bb7 13. Qf2 Nd7 14. 0-0-0 Na5 15. Nxa5 Qxa5 16. Kb1 Rc8 17. Rd3 Nc5 18. Bxc5 Rxc5 19. e5 d5 20. f5 Qc7 21. fxe6 fxe6 22. Re1 Rf8 23. Rf3 1/2-1/2

[Event "HUN-chT2 Breyer 1213"]
[Site "Hungary"]
[Date "2013.04.21"]
[Round "11.4"]
[White "Furesz, Jozsef"]
[Black "Nadi, Ferenc"]
[Result "1/2-1/2"]
[WhiteElo "2010"]
[BlackElo "2084"]
[PlyCount "85"]
[EventDate "2012.09.16"]
[EventType "team-tourn"]
[EventRounds "11"]
[EventCountry "HUN"]
[SourceTitle "EXT 2014"]
[Source "ChessBase"]
[SourceDate "2013.11.20"]
[SourceVersion "1"]
[SourceVersionDate "2013.11.20"]
[SourceQuality "1"]
[WhiteTeam "Turul"]
[BlackTeam "MAV Elore"]
[WhiteTeamCountry "HUN"]
[BlackTeamCountry "HUN"]

1. d4 Nf6 2. c4 g6 3. Nc3 Bg7 4. e4 d6 5. h3 0-0 6. Nf3 e5 7. d5 a5 8. Bg5 h6 9. Be3 Na6 10. Bd3 Bd7 11. Rb1 b6 12. 0-0 Nc5 13. Bc2 Nh5 14. Qd2 g5 15. b3 Nf4 16. a3 Qf6 17. Nh2 h5 18. b4 axb4 19. axb4 Nb7 20. Ne2 Nxe2+ 21. Qxe2 Qg6 22. Nf3 g4 23. Nh4 Qf6 24. Nf5 Bxf5 25. exf5 Ra2 26. hxg4 hxg4 27. Rfc1 Qh4 28. Qd3 Bf6 29. Bd1 Kg7 30. Qe4 Bg5 31. Qxg4 Qxg4 32. Bxg4 Bxe3 33. fxe3 Kf6 34. e4 Kg5 35. Bf3 Kf4 36. Rc3 Rfa8 37. Rf1 Ra1 38. Bh5+ Rxf1+ 39. Kxf1 Ra1+ 40. Kf2 Ra2+ 41. Kg1 f6 42. Bf3 Rb2 43. Kh2 1/2-1/2

[Event "HUN-chT2 Breyer 1213"]
[Site "Hungary"]
[Date "2012.10.07"]
[Round "2.4"]
[White "Nadi, Ferenc"]
[Black "Budai, David"]
[Result "0-1"]
[WhiteElo "2084"]
[BlackElo "2295"]
[PlyCount "36"]
[EventDate "2012.09.16"]
[EventType "team-tourn"]
[EventRounds "11"]
[EventCountry "HUN"]
[SourceTitle "EXT 2014"]
[Source "ChessBase"]
[SourceDate "2013.11.20"]
[SourceVersion "1"]
[SourceVersionDate "2013.11.20"]
[SourceQuality "1"]
[WhiteTeam "MAV Elore"]
[BlackTeam "Husi"]
[WhiteTeamCountry "HUN"]
[BlackTeamCountry "HUN"]

1. d4 c5 2. d5 e6 3. c4 exd5 4. cxd5 d6 5. Nc3 g6 6. Nf3 Bg7 7. e4 Nh6 8. Be2 0-0 9. 0-0 a6 10. a4 Qe7 11. Bg5 f6 12. Bh4 Nd7 13. Nd2 g5 14. Bg3 f5 15. f4 gxf4 16. Bxf4 Ne5 17. Nf3 Nhg4 18. Bg5 Nxf3+ 0-1

[Event "HUN-chT2 Breyer 1213"]
[Site "Hungary"]
[Date "2012.09.16"]
[Round "1.4"]
[White "Nadi, Ferenc"]
[Black "Gal, Tibor"]
[Result "1-0"]
[WhiteElo "2084"]
[BlackElo "1948"]
[PlyCount "68"]
[EventDate "2012.09.16"]
[EventType "team-tourn"]
[EventRounds "11"]
[EventCountry "HUN"]
[SourceTitle "EXT 2014"]
[Source "ChessBase"]
[SourceDate "2013.11.20"]
[SourceVersion "1"]
[SourceVersionDate "2013.11.20"]
[SourceQuality "1"]
[WhiteTeam "MAV Elore"]
[BlackTeam "Szechenyi"]
[WhiteTeamCountry "HUN"]
[BlackTeamCountry "HUN"]

1. d4 Nf6 2. Nf3 e6 3. c4 b6 4. g3 Bb7 5. Bg2 c5 6. 0-0 cxd4 7. Nxd4 Bxg2 8. Kxg2 Be7 9. Nc3 Qc7 10. b3 0-0 11. Bb2 Bc5 12. e3 Nc6 13. Nxc6 dxc6 14. Qf3 Rad8 15. Rfd1 a5 16. Ne4 Nxe4 17. Qxe4 Rd7 18. Qg4 f5 19. Rxd7 Qxd7 20. Rd1 Qf7 21. Qf4 Qe7 22. Qe5 Re8 23. a4 Rf8 24. h3 Re8 25. f4 Qb7 26. g4 Qf7 27. Kg3 Bf8 28. g5 Qe7 29. Bc3 Qc5 30. Rd7 Qxe5 31. Bxe5 Be7 32. Rb7 h6 33. h4 hxg5 34. hxg5 Rc8 1-0

[Event "HUN-chT2 Breyer 1112"]
[Site "Hungary"]
[Date "2012.04.22"]
[Round "9.2"]
[White "Horvath, Csaba3333"]
[Black "Nadi, Ferenc"]
[Result "1/2-1/2"]
[WhiteElo "2202"]
[BlackElo "2096"]
[PlyCount "71"]
[EventDate "2011.09.25"]
[EventType "team-tourn"]
[EventRounds "11"]
[EventCountry "HUN"]
[SourceTitle "EXT 2013"]
[Source "ChessBase"]
[SourceDate "2012.11.22"]
[SourceVersion "1"]
[SourceVersionDate "2012.11.22"]
[SourceQuality "1"]
[WhiteTeam "Geniusz Tata"]
[BlackTeam "MAV Elore"]
[WhiteTeamCountry "HUN"]
[BlackTeamCountry "HUN"]

1. e4 c5 2. Nf3 d6 3. d4 cxd4 4. Qxd4 Nc6 5. Bb5 Bd7 6. Bxc6 Bxc6 7. Nc3 Nf6 8. Bg5 e6 9. 0-0-0 Be7 10. Rhe1 Qc7 11. Qd2 0-0 12. Nd4 a6 13. f3 b5 14. g4 Rfd8 15. Kb1 Rac8 16. h4 Bb7 17. Nce2 d5 18. e5 Ne8 19. Nf4 Qd7 20. Nh5 Rc4 21. f4 Rdc8 22. Bxe7 Qxe7 23. f5 b4 24. f6 Qd8 25. fxg7 Qe7 26. Qh6 a5 27. Rf1 Ba6 28. Rf6 Rxd4 29. Rxd4 Qc5 30. Qd2 Nxf6 31. exf6 Bc4 32. Ng3 Qc7 33. Qe3 Bb5 34. Rd2 a4 35. Ne2 Bxe2 36. Qxe2 1/2-1/2

[Event "HUN-chT2 Breyer 1112"]
[Site "Hungary"]
[Date "2012.03.11"]
[Round "7.3"]
[White "Kormos, Andras"]
[Black "Nadi, Ferenc"]
[Result "1-0"]
[WhiteElo "2148"]
[BlackElo "2096"]
[PlyCount "57"]
[EventDate "2011.09.25"]
[EventType "team-tourn"]
[EventRounds "11"]
[EventCountry "HUN"]
[SourceTitle "EXT 2013"]
[Source "ChessBase"]
[SourceDate "2012.11.22"]
[SourceVersion "1"]
[SourceVersionDate "2012.11.22"]
[SourceQuality "1"]
[WhiteTeam "BEAC II"]
[BlackTeam "MAV Elore"]
[WhiteTeamCountry "HUN"]
[BlackTeamCountry "HUN"]

1. c4 Nf6 2. Nc3 g6 3. b3 Bg7 4. Bb2 d6 5. g3 0-0 6. Bg2 e5 7. e3 Nc6 8. Nge2 Re8 9. e4 Nd4 10. 0-0 Bg4 11. f3 Nxe2+ 12. Qxe2 Be6 13. Nd1 c6 14. d3 a5 15. f4 Bg4 16. Qc2 Bxd1 17. Qxd1 Nd7 18. f5 a4 19. fxg6 hxg6 20. Ba3 c5 21. Rf2 Bh6 22. Qf3 Rf8 23. bxa4 Rxa4 24. Bc1 Bxc1 25. Rxc1 Nb8 26. Rb1 Qe7 27. Qf6 Qc7 28. Bh3 Nd7 29. Qe7 1-0

[Event "HUN-chT2 Asztalos 1011"]
[Site "Hungary"]
[Date "2011.04.17"]
[Round "9.5"]
[White "Talaber, Istvan"]
[Black "Nadi, Ferenc"]
[Result "1/2-1/2"]
[WhiteElo "1883"]
[BlackElo "2100"]
[PlyCount "61"]
[EventDate "2010.09.12"]
[EventType "team-tourn"]
[EventRounds "11"]
[EventCountry "HUN"]
[SourceTitle "EXT 2012"]
[Source "ChessBase"]
[SourceDate "2011.11.24"]
[SourceVersion "1"]
[SourceVersionDate "2011.11.24"]
[SourceQuality "1"]
[WhiteTeam "Pecs Karmin"]
[BlackTeam "Szekesfehervar"]
[WhiteTeamCountry "HUN"]
[BlackTeamCountry "HUN"]

1. e4 c5 2. Nf3 e6 3. d4 cxd4 4. Nxd4 a6 5. Nc3 Qc7 6. Bd3 Nc6 7. Nxc6 bxc6 8. 0-0 Nf6 9. Be3 h5 10. h3 Be7 11. Na4 c5 12. c4 Bb7 13. Nc3 d6 14. Qc2 Rd8 15. Rfe1 Nd7 16. f4 Bf6 17. Ne2 Qc6 18. Nc3 0-0 19. Qf2 Qc7 20. Qc2 Qc6 21. Bf2 g6 22. Kh2 Rfe8 23. Rg1 Nb6 24. Rad1 Nd7 25. g4 hxg4 26. Rxg4 Bg7 27. Rdg1 Nf6 28. Rh4 e5 29. f5 Nh5 30. fxg6 fxg6 31. Rxg6 1/2-1/2

[Event "HUN-chT2 Asztalos 0910"]
[Site "Hungary"]
[Date "2010.03.21"]
[Round "8"]
[White "Molnar, Szabolcs"]
[Black "Nadi, Ferenc"]
[Result "1/2-1/2"]
[WhiteElo "1975"]
[BlackElo "2078"]
[PlyCount "131"]
[EventDate "2009.11.08"]
[EventType "team-tourn"]
[EventRounds "11"]
[EventCountry "HUN"]
[SourceTitle "EXT 2011"]
[Source "ChessBase"]
[SourceDate "2010.11.26"]
[SourceVersion "1"]
[SourceVersionDate "2010.11.26"]
[SourceQuality "1"]
[WhiteTeam "Dombovar"]
[BlackTeam "Szekesfehervar"]
[WhiteTeamCountry "HUN"]
[BlackTeamCountry "HUN"]

1. e4 c5 2. Nf3 d6 3. d4 cxd4 4. Nxd4 Nf6 5. Nc3 Nc6 6. Be3 Ng4 7. Qd2 Nxe3 8. Qxe3 e6 9. Bc4 Be7 10. 0-0 0-0 11. Rad1 a6 12. f4 Qc7 13. Bb3 b5 14. f5 Nxd4 15. Qxd4 d5 16. Kh1 Bf6 17. Qf2 d4 18. Ne2 exf5 19. exf5 Bb7 20. Nxd4 Rad8 21. c3 Qc5 22. Rd2 b4 23. cxb4 Qxb4 24. Rfd1 h6 25. Nc2 Rxd2 26. Rxd2 Qe4 27. Nd4 Rd8 28. Bc2 Qe5 29. Nb3 Rxd2 30. Qxd2 Qxb2 31. Nc5 Qb5 32. Nd3 Qxf5 33. Nf2 Qd5 34. Qxd5 Bxd5 35. Bb3 Bxb3 36. axb3 a5 37. g3 h5 38. Kg2 g6 39. Ne4 Kg7 40. Kf3 Be7 41. h3 f5 42. Nd2 g5 43. Nc4 Bb4 44. Ke3 Kf6 45. Kf3 Ke6 46. Nb2 Bd6 47. Nc4 Bc7 48. Ne3 Ke5 49. Nc2 Bb6 50. Na3 Kd4 51. Nc4 Bc7 52. Ne3 f4 53. gxf4 Bxf4 54. Nf5+ Ke5 55. Ng7 h4 56. Kg4 Kd4 57. Ne6+ Kd5 58. Kf5 Be3 59. Nd8 Kc5 60. Kg4 Kb6 61. Kf5 Bd2 62. Kg4 Kc7 63. Ne6+ Kc6 64. Nd8+ Kb5 65. Kf5 Kc5 66. Kg4 1/2-1/2

[Event "HUN-chT2 Asztalos 0708"]
[Site "Hungary"]
[Date "2008.05.18"]
[Round "11"]
[White "Kiss, Zoltan"]
[Black "Nadi, Ferenc"]
[Result "1/2-1/2"]
[WhiteElo "2214"]
[BlackElo "2067"]
[PlyCount "27"]
[EventDate "2007.10.14"]
[EventType "team"]
[EventRounds "11"]
[EventCountry "HUN"]
[SourceTitle "EXT 2009"]
[Source "ChessBase"]
[SourceDate "2008.11.26"]
[SourceVersion "1"]
[SourceVersionDate "2008.11.26"]
[SourceQuality "1"]
[WhiteTeam "Szenna Pack II"]
[BlackTeam "Elore MAV"]
[WhiteTeamCountry "HUN"]
[BlackTeamCountry "HUN"]

1. d4 Nf6 2. Nf3 g6 3. Bf4 Bg7 4. Nbd2 d5 5. h3 0-0 6. e3 c5 7. c3 b6 8. Bd3 Bb7 9. 0-0 Nbd7 10. Re1 e6 11. Rc1 Rc8 12. Bb1 Re8 13. Bh2 Qe7 14. Ne5 1/2-1/2

[Event "HUN-chT2 Asztalos 0708"]
[Site "Hungary"]
[Date "2007.12.16"]
[Round "5"]
[White "Toth, Lili"]
[Black "Nadi, Ferenc"]
[Result "1/2-1/2"]
[WhiteElo "2218"]
[BlackElo "2067"]
[PlyCount "88"]
[EventDate "2007.10.14"]
[EventType "team"]
[EventRounds "11"]
[EventCountry "HUN"]
[SourceTitle "EXT 2009"]
[Source "ChessBase"]
[SourceDate "2008.11.26"]
[SourceVersion "1"]
[SourceVersionDate "2008.11.26"]
[SourceQuality "1"]
[WhiteTeam "Paks ASE"]
[BlackTeam "Elore MAV"]
[WhiteTeamCountry "HUN"]
[BlackTeamCountry "HUN"]

1. d4 Nf6 2. c4 g6 3. Nc3 Bg7 4. e4 d6 5. Nf3 0-0 6. Be2 e5 7. 0-0 Nc6 8. d5 Ne7 9. Bg5 h6 10. Bh4 g5 11. Bg3 Nh5 12. Ne1 Nf4 13. Nd3 f5 14. f3 Neg6 15. Rc1 Nxd3 16. Bxd3 f4 17. Bf2 h5 18. Be2 Rf7 19. b4 Bf8 20. c5 Rg7 21. Nb5 a6 22. Na3 g4 23. fxg4 Qg5 24. h3 Nh4 25. Bxh4 Qxh4 26. Qe1 Qe7 27. cxd6 Qxd6 28. Nc4 Qf6 29. Qc3 Bd6 30. Nxd6 cxd6 31. gxh5 Qh4 32. Bg4 Bxg4 33. hxg4 Qxg4 34. Qf3 Qh4 35. Rc2 Rf8 36. Qe2 Kh8 37. Rf3 Rfg8 38. Qd3 Rg3 39. Rxg3 Rxg3 40. Qc4 Qxh5 41. Qc8+ Rg8 42. Qe6 Qd1+ 43. Kh2 Qh5+ 44. Kg1 Qd1+ 1/2-1/2

[Event "HUN-chT2 Asztalos 0607"]
[Site "Hungary"]
[Date "2007.04.29"]
[Round "9"]
[White "Barbarics, Tamas"]
[Black "Nadi, Ferenc"]
[Result "1/2-1/2"]
[WhiteElo "2083"]
[BlackElo "2037"]
[PlyCount "29"]
[EventDate "2006.11.12"]
[EventType "team"]
[EventRounds "11"]
[EventCountry "HUN"]
[SourceTitle "EXT 2008"]
[Source "ChessBase"]
[SourceDate "2007.11.25"]
[SourceVersion "1"]
[SourceVersionDate "2007.11.25"]
[SourceQuality "1"]
[WhiteTeam "Szekszard"]
[BlackTeam "MAV Elore"]
[WhiteTeamCountry "HUN"]
[BlackTeamCountry "HUN"]

1. d4 Nf6 2. Nc3 d5 3. Bg5 Nbd7 4. Nf3 g6 5. e3 Bg7 6. Bd3 c6 7. 0-0 0-0 8. Re1 h6 9. Bh4 e6 10. e4 dxe4 11. Nxe4 Qa5 12. c3 Nxe4 13. Bxe4 Nf6 14. Bxf6 Bxf6 15. b4 1/2-1/2

[Event "HUN-chT2 Asztalos 0607"]
[Site "Hungary"]
[Date "2007.03.04"]
[Round "6"]
[White "Neber, Zsolt"]
[Black "Nadi, Ferenc"]
[Result "1/2-1/2"]
[WhiteElo "2103"]
[BlackElo "2037"]
[PlyCount "27"]
[EventDate "2006.11.12"]
[EventType "team"]
[EventRounds "11"]
[EventCountry "HUN"]
[SourceTitle "EXT 2008"]
[Source "ChessBase"]
[SourceDate "2007.11.25"]
[SourceVersion "1"]
[SourceVersionDate "2007.11.25"]
[SourceQuality "1"]
[WhiteTeam "Szenna Pack II"]
[BlackTeam "MAV Elore"]
[WhiteTeamCountry "HUN"]
[BlackTeamCountry "HUN"]

1. e4 c5 2. c3 Nf6 3. e5 Nd5 4. d4 cxd4 5. cxd4 d6 6. exd6 Qxd6 7. Nc3 g6 8. Nf3 Bg7 9. Qb3 Nxc3 10. bxc3 0-0 11. Ba3 Qc7 12. Bd3 Be6 13. Qc2 Nc6 14. 0-0 1/2-1/2